00601cam a22002057a 4500003000500000005001700005008004100022010000900063011001000072035000900082040000900091082001500100100003700115245007100152260008800223300001900311650001300330650002000343650003200363CHAP20220329133711.0971013s1964 r 00010 d a9670 a10642 a9880 cCHAP a631.6bA2Y00aAcademia de Ciencias de la URSS.13aLa aplicación del drenaje en la recuperación de suelos salinos aGómez Palacio, Dgo. :bEds. Técnicas y Culturales "López Llanes Hnos.",c1964 a217 p.b: ilus14aDrenaje.14aSuelos salinos.14aTierrasxRecuperación de.